00000000nam##2200000za#4500
0019.619741
003CaOODSP
00520210615103642
007ta
008150406|2009||||xxc|||||     f|0| 0 eng|d
022 |a0706-6457
040 |aCaOODSP|beng
043 |an-cn---
0861 |aFs97-6/2865E
1101 |aCanada. |bDepartment of Fisheries and Oceans.
24512|aA review of options for the containment, control and eradication of illegally introduced smallmouth bass (Micropterus dolomieu) / |cby E.A. Halfyard.
260 |aMoncton - New Brunswick : |bFisheries and Oceans Canada |c2010.
300 |avi, 71p. : |bfigs., map, references, tables ; |c28 cm.
4901 |aCanadian technical report of fisheries and aquatic sciences|x0706-6457|vNo. 2865
500 |a"Oceans and Science Branch, Aquatic Resources Division, Gulf Region, Fisheries and Oceans Canada, P.O. Box 5030, Moncton, NB E1C 9B6". - Cover.
546 |a(Résumé en français)
563 |aSoftcover
590 |a10-11|b2010-03-19
7201 |aHalfyard, E. A.
7760#|tA review of options for the containment, control and eradication of illegally introduced smallmouth bass (Micropterus dolomieu) / |w(CaOODSP)9.574409
830#0|aCanadian technical report of fisheries and aquatic sciences,|x0706-6457|vNo. 2865|w(CaOODSP)9.514691